000 00877nam a22002057a 4500
010 _aA-943218
020 _c400.00
035 _aA-943218
037 _bCen Lib / Ret
040 _aDPL
_bEN
082 _a351.18
_bSRI
100 _aSrivastava, Kirpa Dayal
245 _aDisciplinary action against government servants and its remedies :
_ba comprehensive and practical book dealing with dismissals, removals, discharge, suspensions, reduction in rank, retrenchment, compulsory retirement, superannuation, and resignation, etc. /
_cby Kirpa Dayal Srivastava
260 _aLucknow
_bEastern Book Co
_c1997
270 _a1267, Kashmere Gate, Old Hindu College Building
_bDelhi
_e110006
300 _a1332p
_b27cm(HB)
650 _a India -- Officials and employees -- Discipline.
650 _aLabor discipline.
942 _2ddc
_cEN
_h351.18
_mSRI
999 _c136805
_d136805